| 000 | 00638 a2200193 4500 | ||
|---|---|---|---|
| 020 | _a3540576185 | ||
| 020 | _a9783540576181 | ||
| 082 | _a515.37 | ||
| 090 |
_c1558 _d1558 |
||
| 100 | 1 | _aCarmo, Manfredo P. Do. | |
| 245 | 1 | 0 |
_aDifferential forms and applications / _cManfredo P. Do Carmo. |
| 250 | _a1st ed. 1994. Corr. 2nd printing 1998. | ||
| 260 |
_a[S.l.] : _bSpringer, _c1994. |
||
| 300 |
_a118 p. ; _c23 cm. |
||
| 490 | 1 | _aUniversitext. | |
| 830 | 0 | _aUniversitext. | |
| 942 |
_aSNS _cBK _k515.37 CAR |
||
| 999 |
_c30168 _d30168 |
||